000 00701aas a2200205 4500
999 _c49878
_d49878
001 768714001
003 CO-MdFUSB
005 20171019125203.0
008 171019s1998 xxu||||| |||| 00| 0 eng d
022 _a0277-9935
040 _aCO-MdFUSB
_bspa
_cCO-MdFUSB
_dCO-MdFUSB
041 _aeng
100 1 _aEstep, James Riley Jr.
_eautor
242 _aLa fe como el transformador del aprendizaje
245 0 _aFaith as the trasformer of learning
_c/ James Riley Estep Jr.
300 _aVolumen 2. Número 2 (1998), páginas 59-76
_c: 23 cm.
546 _aTexto en inglés
773 0 _tChristian education journal
_049475
_960882
_gVolumen 2. Número 2 (1998), páginas 59-76
_qPágina 59
942 _cANA